Представление документа в формате RUSMARC

ПолеНазваниеЗначение
  Тип записи c
  Библиографический уровень m
001 Контрольный номер RU/УОНБ/EK_N/322861275
005 Дата корректировки 20250520122659.0
010 Индекс ISBN __
9 Тираж 4530 экз.
013 Номер (ISMN) __
d Цена 1 р. 20 к.
071 Издательские номер (звукозапись и ноты) 21
a Номер, присвоенный агентством 7627
100 Данные общей обработки __
a Данные общей обработки 20181009d1986 u y0rusy0103||||ca
101 Язык документа 0_
a Язык текста rus
f Язык титульного листа rus
102 Страна публикации __
a Страна публикации RU
125 Кодированные данные звукозаписи и нотных изданий __
a Форма изложения нотного текста с|
128 Кодированные данные (звукозаписи-физические характеристики) __
a Кодированные данные: Музыкальная форма и тональность или лад ccn
c Инструменты или голоса, рекомендуемые для солистов (устаревшее) vu||
200 Заглавие и сведения об ответственности 1_
a Заглавие Песни
b Общее обозначение материала [Ноты]
e Сведения, относящиеся к заглавию для голоса в сопровожд. фп. (баяна, гитары)
f Первые сведения об ответственности Людмила Лядова
210 Выходные данные 1_
a Место издания Москва
c Издательство Советский композитор
d Дата издания 1986
215 Физическое описание __
a Объем 87 с.
c Иллюстрации/тип воспроизводства портр.
d Формат 29 см
327 Примечание о содержании 11
a Примечание о содержании Содерж. : Мирный марш / сл. М. Рейтмана. - Сталевары / сл. А. Дитерихса. - Главному конструктору / сл. Б. Дворного. - Июльские грозы / сл. Т. Пономаревой. - Розы и уголь / сл. И. Петровой. - Руки нежные / сл. М. Владимова. - Звездная встреча / сл. И. Михайлусенко. - Где сражался Чапаев / сл. М. Рейтмана. - Боцман любит службу / сл. М. Рейтмана. - Барабан / сл. И. Шаферана ; Есенинская родина / сл. Ф. Лаубе. - Бессонница / сл. А. Софронова. - Оркестр музыкальных мам / сл. Я. Халецкого. - Ни пуха, ни пера / сл. Н. Шумакова. - Песня о доме / сл. Л. Завальнюка. - Русские блины / сл. Н. Гулюк. - Паутиночка / сл. М. Танича. - Женщина / сл. В. Лазарева. - Бiлi пiвонii / сл. А. Рудневой. - Женщинам / сл. Г. Гульчака. - Вальс любви / сл. И. Михайлусенко. - Песенка о рыцарях / сл. Б. Шифрина. - Поезд мчится / сл. Д. Демина.
464 Аналитический уровень _0
1 2001
a Мирный марш
e Нам нужен мир, нам нужен хлеб...
1 702 1
a Рейтман
b М.
4 520
464 Аналитический уровень _0
1 2001
a Сталевары
e Профессий много на Руси..
1 702 1
a Дитерихс
b А.
4 520
464 Аналитический уровень _0
1 2001
a Главному конструктору
e Много ночей напролет...
1 702 1
a Дворный
b Б.
4 520
464 Аналитический уровень _0
1 2001
a Июльские грозы
e Июльские грозы так схожи...
1 702 1
a Пономарева
b Т.
4 520
464 Аналитический уровень _0
1 2001
a Розы и уголь
e Светят звездочки-лампы на касках...
1 702 1
a Петрова
b И.
4 520
464 Аналитический уровень _0
1 2001
a Руки нежные
e Пришла в училище, чтоб стать текстильщицей...
1 702 1
a Владимов
b М.
4 520
464 Аналитический уровень _0
1 2001
a Звездная встреча
e Где-то кружит в пространстве планета...
1 702 1
a Михайлусенко
b И.
4 520
464 Аналитический уровень _0
1 2001
a Где сражался Чапаев
e Где сражался Чапаев...
1 702 1
a Рейтман
b М.
4 520
464 Аналитический уровень _0
1 2001
a Боцман любит службу
e Говорят, что боцман крут...
1 702 1
a Рейтман
b М.
4 520
464 Аналитический уровень _0
1 2001
a Барабан
e Долго еще до привала...
1 702 1
a Шаферан
b И.
4 520
464 Аналитический уровень _0
1 2001
a Бессонница
e Бессонница, бессонница, опять метаться мне...
1 702 1
a Софронов
b А.
4 520
464 Аналитический уровень _0
1 2001
a Оркестр музыкальных мам
e Сказала как-то мам сыну...
1 702 1
a Халецкий
b Я.
4 520
464 Аналитический уровень _0
1 2001
a Ни пуха, ни пера
e Раньше всех своих собратьев...
1 700 1
a Шумаков
b Н.
4 520
464 Аналитический уровень _0
1 2001
a Песня о доме
e Ден... Загорается утро на старой сосне...
1 702 1
a Завальнюк
b Л.
4 520
464 Аналитический уровень _0
1 2001
a Русские блины
e Мчится тройка...
1 702 1
a Гулюк
b Н.
4 520
464 Аналитический уровень _0
1 2001
a Паутиночка
e Бывало сякое, а вспомнить некого...
1 702 1
a Танич
b М.
4 520
464 Аналитический уровень _0
1 2001
a Женщина
e Стареют и наши мужчины...
1 702 1
a Лазарев
b В.
4 520
464 Аналитический уровень _0
1 2001
a Бiлi пiвонii
e Бiлi пiвонii, квiти натхнення...
1 702 1
a Руднева
b А.
4 520
464 Аналитический уровень _0
1 2001
a Женщинам
e Есть женщины большой души...
1 702 1
a Гульчак
b Г.
4 520
464 Аналитический уровень _0
1 2001
a Вальс любви
e Кто-то песню поет...
1 702 1
a Михайлусенко
b И.
4 520
464 Аналитический уровень _0
1 2001
a Песенка о рыцарях
e Когда-то жили рыцыри-мужчины...
1 702 1
a Шифрин
b Б.
4 520
464 Аналитический уровень _0
1 2001
a Поезд мчится
e Поезд мчится, словно птица...
1 702 1
a Демина
b Д.
4 520
464 Аналитический уровень _0
1 2001
a Есенинская родина
e Над селом над Константиновым...
1 702 1
a Лаубе
b Ф.
4 520
512 Заглавие обложки 1_
a Заглавие обложки Песни
600 Персоналии _1
a Персоналии (Фамилия) Лядова, Людмила Алексеевна
606 Тематические рубрики 0_
a Основная рубрика Песни советских композиторов
x Основная подрубрика Лирические песни
610 Ключевые слова 0_
a Ключевые слова Лядова Л. А.
610 Ключевые слова 0_
a Ключевые слова песни советских композиторов
610 Ключевые слова 0_
a Ключевые слова лирические песни
686 Индексы других классификаций __
a Классификационный индекс 85.943.4-42(2)я44
2 Код системы rubbk
700 Автор _1
a Фамилия Лядова
b Имя (инициалы) Л. А.
g Полное личное имя Людмила Алексеевна
801 Источник записи _0
a Страна RU
b Организация Ульяновская государственная областная научная библиотека им.В.И.Ленина
c Дата составления 20181009
g Правила каталогизации PSBO
801 Источник записи _1
a Страна RU
b Организация Ульяновская государственная областная научная библиотека им.В.И.Ленина
c Дата составления 20181009
901 Тип документа __
t Тип документа m
909 Создатель записи __
a Создатель записи Никитина Т. А.
938 Служебная информация __
a Имя БД noti
b Имя библиотеки УОНБ
c Имя АИБС МАРК-SQL
d Номер DOC_ID в БД 2997